कंप्यूटर और सूचना तकनीक / (Record no. 119743)

MARC details
000 -LEADER
fixed length control field 01063nam a22002537a 4500
005 - DATE AND TIME OF LATEST TRANSACTION
control field 20170124103147.0
010 ## - LIBRARY OF CONGRESS CONTROL NUMBER
LC control number B-091688
020 ## - INTERNATIONAL STANDARD BOOK NUMBER
Terms of availability 175.00
International Standard Book Number 8186624147
035 ## - SYSTEM CONTROL NUMBER
System control number B-091688
037 ## - SOURCE OF ACQUISITION
Source of stock number/acquisition Cen Lib/Ret
040 ## - CATALOGING SOURCE
Original cataloging agency DPL
Language of cataloging HN
082 ## - DEWEY DECIMAL CLASSIFICATION NUMBER
Classification number 004
Item number शंकर
100 ## - MAIN ENTRY--PERSONAL NAME
Personal name शंकर सिंह
9 (RLIN) 86653
245 ## - TITLE STATEMENT
Title कंप्यूटर और सूचना तकनीक /
Statement of responsibility, etc शंकर सिंह
246 ## - VARYING FORM OF TITLE
Title proper/short title Computer aur suchana taknik /
Remainder of title by Shankar Singh
260 ## - PUBLICATION, DISTRIBUTION, ETC. (IMPRINT)
Place of publication, distribution, etc दिल्ली
Name of publisher, distributor, etc पूर्वांचल प्रकाशन
Date of publication, distribution, etc 2003
270 ## - ADDRESS
Address 1180, ए-ब्लाक, सोनिया विहार
City दिल्ली
Postal code 110032
300 ## - PHYSICAL DESCRIPTION
Extent 174पृ.
Dimensions 21सेमी (सजिल्द)
650 ## - SUBJECT ADDED ENTRY--TOPICAL TERM
Topical term or geographic name as entry element सूचना तकनीक और कंप्यूटर
9 (RLIN) 47463
650 ## - SUBJECT ADDED ENTRY--TOPICAL TERM
Topical term or geographic name as entry element सूचना तकनीक
9 (RLIN) 86654
650 ## - SUBJECT ADDED ENTRY--TOPICAL TERM
Topical term or geographic name as entry element Information technology and Computer
9 (RLIN) 86655
650 ## - SUBJECT ADDED ENTRY--TOPICAL TERM
Topical term or geographic name as entry element Information technology
9 (RLIN) 86656
942 ## - ADDED ENTRY ELEMENTS (KOHA)
Source of classification or shelving scheme Dewey Decimal Classification
Koha item type Hindi Books
Classification part 004
Call number suffix शंकर
Holdings
Withdrawn status Lost status Damaged status Not for loan Home library Current library Date acquired Source of acquisition Cost, normal purchase price Total Checkouts Full call number Barcode Date last seen Date checked out Copy number Cost, replacement price Price effective from Koha item type Public note
        Central Library Central Library 18/09/2015 Cen Lib/Ret 175.00 3 004 शंकर B-091688 20/01/2019 08/01/2019 1 175.00 18/09/2015 Hindi Books Legal Case Register No. 28

© Delhi Public Library
Hit Counter
free hit counter